[Event "Barueri op 3rd"]
[Site "Barueri"]
[Date "2019.04.19"]
[Round "1"]
[White "Rodrigues, Leonardo De Miranda"]
[Black "Assad, Otavio Orlando"]
[Result "1-0"]
[WhiteElo "2143"]
[BlackElo "1417"]
[PlyCount "53"]
[EventDate "2019.04.19"]
[EventType "swiss"]
[EventRounds "6"]
[EventCountry "BRA"]
[SourceTitle "CBM 190 Extra"]
[Source "ChessBase"]
[SourceDate "2019.07.15"]
[SourceVersion "1"]
[SourceVersionDate "2019.07.15"]
[SourceQuality "1"]

1. e4 e6 2. d4 d5 3. Nc3 Nf6 4. Bg5 Be7 5. e5 Nfd7 6. h4 c5 7. Bxe7 Qxe7 8. Nb5 Nb6 9. Nd6+ Kf8 10. dxc5 N6d7 11. Nxc8 Qxc5 12. Nd6 Nxe5 13. Nb5 a6 14. Qd4 Nbd7 15. Qxc5+ Nxc5 16. Nd4 Rc8 17. Rh3 Ned7 18. 0-0-0 Ke7 19. Re3 g6 20. Ngf3 Ne4 21. Re2 Rc7 22. Ng5 Nec5 23. b4 Na4 24. Ngxe6 fxe6 25. Nxe6 Rc4 26. Nc5+ Kd8 27. Nxa4 1-0

[Event "Florianopolis op 5th"]
[Site "Florianopolis"]
[Date "2019.01.22"]
[Round "2"]
[White "Assad, Otavio Orlando"]
[Black "Melo, Gabrieli De"]
[Result "0-1"]
[WhiteElo "1416"]
[BlackElo "1755"]
[PlyCount "56"]
[EventDate "2019.01.21"]
[EventType "swiss"]
[EventRounds "10"]
[EventCountry "BRA"]
[SourceTitle "CBM 188 Extra"]
[Source "ChessBase"]
[SourceDate "2019.02.26"]
[SourceVersion "1"]
[SourceVersionDate "2019.02.26"]
[SourceQuality "1"]

1. c4 Nf6 2. Nc3 e6 3. a3 d5 4. cxd5 exd5 5. d4 Be7 6. Nf3 0-0 7. g3 c6 8. Bg2 Bg4 9. 0-0 Qc8 10. Re1 Re8 11. b4 Nbd7 12. b5 Nb6 13. Ne5 Bd7 14. bxc6 Bxc6 15. Nxc6 Qxc6 16. Bd2 Nc4 17. e4 dxe4 18. Nxe4 Qd7 19. Be3 Rac8 20. a4 Nb6 21. Ng5 Red8 22. Bh3 Qd6 23. Qb3 Qd5 24. Qd1 Bb4 25. Bg2 Qa5 26. Re2 Rc3 27. Rc1 Rxe3 28. Rxe3 Qxg5 0-1

[Event "BRA-ch Amateur U1800"]
[Site "Sao Paulo"]
[Date "2018.05.31"]
[Round "1"]
[White "Assad, Otavio Orlando"]
[Black "Gauche, Joao Gabriel N Silv"]
[Result "0-1"]
[WhiteElo "1416"]
[BlackElo "1702"]
[PlyCount "92"]
[EventDate "2018.05.31"]
[EventType "swiss"]
[EventRounds "7"]
[EventCountry "BRA"]
[SourceTitle "EXT 2021"]
[Source "ChessBase"]
[SourceDate "2020.10.23"]
[SourceVersion "1"]
[SourceVersionDate "2020.10.23"]
[SourceQuality "1"]

1. c4 e6 2. Nc3 Nf6 3. d3 c5 4. g3 Nc6 5. Bg2 Be7 6. Nf3 a6 7. a3 Rb8 8. Rb1 b5 9. Bd2 0-0 10. 0-0 d6 11. e3 Bd7 12. b3 Qc7 13. Qc2 b4 14. axb4 Nxb4 15. Qd1 Nxd3 16. Ne1 Nb4 17. Ne4 Bc6 18. Nxf6+ Bxf6 19. f3 Rb7 20. Bxb4 Rxb4 21. Nd3 Rb6 22. Nf2 Rfb8 23. Ng4 Be7 24. Rf2 Qb7 25. Rfb2 a5 26. Qd3 a4 27. e4 a3 28. Ra2 Rxb3 29. Rxb3 Qxb3 30. Rxa3 Qxd3 31. Rxd3 Rb4 32. Ne3 Kf8 33. h4 Ba4 34. Ra3 Bf6 35. Bf1 Bb2 36. Ra2 Bd4 37. Ra3 Bb3 38. Ra8+ Ke7 39. Kf2 Bxc4 40. Bxc4 Rxc4 41. Ke2 Bxe3 42. Kxe3 Rc3+ 43. Kf4 e5+ 44. Kg4 h5+ 45. Kxh5 Rxf3 46. Ra7+ Ke6 0-1

[Event "BRA-ch Amateur U1800"]
[Site "Sao Paulo"]
[Date "2018.05.31"]
[Round "2"]
[White "Passos Coutinho, Eduardo"]
[Black "Assad, Otavio Orlando"]
[Result "1-0"]
[WhiteElo "1708"]
[BlackElo "1416"]
[PlyCount "49"]
[EventDate "2018.05.31"]
[EventType "swiss"]
[EventRounds "7"]
[EventCountry "BRA"]
[SourceTitle "EXT 2021"]
[Source "ChessBase"]
[SourceDate "2020.10.23"]
[SourceVersion "1"]
[SourceVersionDate "2020.10.23"]
[SourceQuality "1"]

1. e4 e6 2. d3 d5 3. Nd2 dxe4 4. dxe4 e5 5. Ngf3 Nc6 6. Bb5 Bd6 7. Nc4 Nf6 8. Nfxe5 Bb4+ 9. Bd2 Bxd2+ 10. Qxd2 Qxd2+ 11. Nxd2 0-0 12. Nxc6 bxc6 13. Bxc6 Rb8 14. 0-0-0 Rb6 15. Ba4 Rb4 16. Bc6 Be6 17. f3 Rfb8 18. b3 R4b6 19. Ba4 c6 20. Nb1 c5 21. Nc3 c4 22. Nd5 Nxd5 23. exd5 Bf5 24. bxc4 Rb2 25. Bb3 1-0

[Event "Aldeia de Barueri op"]
[Site "Aldeia de Barueri"]
[Date "2017.08.06"]
[Round "5"]
[White "Assad, Otavio Orlando"]
[Black "Shimamura Silva, Felipe Makoto"]
[Result "0-1"]
[WhiteElo "1426"]
[BlackElo "1544"]
[PlyCount "118"]
[EventDate "2017.08.04"]
[EventType "swiss"]
[EventRounds "6"]
[EventCountry "BRA"]
[SourceTitle "CBM 180 Extra"]
[Source "ChessBase"]
[SourceDate "2017.10.06"]
[SourceVersion "1"]
[SourceVersionDate "2017.10.06"]
[SourceQuality "1"]

1. c4 c5 2. Nc3 Nc6 3. g3 e5 4. d3 g6 5. Bg2 Bg7 6. Nf3 Nge7 7. 0-0 0-0 8. Rb1 Rb8 9. a3 d6 10. Bd2 a6 11. b4 cxb4 12. axb4 b5 13. Qc1 bxc4 14. dxc4 Rxb4 15. Rxb4 Nxb4 16. Bh6 a5 17. Bxg7 Kxg7 18. Rd1 Qc7 19. Ne4 Rd8 20. Qg5 Ng8 21. Qh4 f6 22. Nfd2 Ba6 23. Bh3 Qe7 24. Ra1 Nc6 25. Nc3 f5 26. Qxe7+ Ngxe7 27. Nd5 Nxd5 28. cxd5 Nd4 29. e3 Ne2+ 30. Kg2 Ra8 31. Rxa5 Nc1 32. Nc4 Bxc4 33. Rxa8 Bxd5+ 34. f3 Bxa8 35. Kf2 Nd3+ 36. Ke2 e4 37. fxe4 fxe4 38. Be6 d5 39. Bd7 Kf6 40. h4 Bb7 41. Bb5 Bc8 42. Bc6 Bg4+ 43. Kd2 Ke5 44. Be8 Nf2 45. Bf7 Nh1 46. Bg8 h6 47. Bf7 Kf6 48. Bxd5 Ke5 49. Bf7 Bh5 50. g4 Bxg4 51. Bxg6 Ng3 52. Ke1 Nf5 53. Bxf5 Kxf5 54. Kf2 h5 55. Kg3 Ke5 56. Kf2 Kd5 57. Kg3 Kc4 58. Kf4 Kd3 59. Ke5 Kxe3 0-1

[Event "Aldeia de Barueri op"]
[Site "Aldeia de Barueri"]
[Date "2017.08.05"]
[Round "3"]
[White "Assad, Otavio Orlando"]
[Black "Sena Moura, Danielle"]
[Result "0-1"]
[WhiteElo "1426"]
[BlackElo "1821"]
[PlyCount "60"]
[EventDate "2017.08.04"]
[EventType "swiss"]
[EventRounds "6"]
[EventCountry "BRA"]
[SourceTitle "CBM 180 Extra"]
[Source "ChessBase"]
[SourceDate "2017.10.06"]
[SourceVersion "1"]
[SourceVersionDate "2017.10.06"]
[SourceQuality "1"]

1. c4 Nf6 2. Nc3 g6 3. g3 Bg7 4. Bg2 d6 5. Nf3 0-0 6. d3 c6 7. 0-0 Nbd7 8. Rb1 Nh5 9. Bd2 a5 10. a3 e5 11. b4 axb4 12. axb4 f5 13. b5 Nc5 14. bxc6 bxc6 15. Qc2 Bd7 16. Rb2 e4 17. Ne1 Qe7 18. Qc1 Rfe8 19. Be3 Bxc3 20. Qxc3 Na4 21. Qc2 Nxb2 22. Qxb2 Reb8 23. Qc3 Ra2 24. Nc2 c5 25. h4 Qf6 26. d4 f4 27. gxf4 Nxf4 28. Bxf4 Qxf4 29. d5 Qxh4 30. f4 Bf5 0-1

[Event "Aldeia de Barueri op"]
[Site "Aldeia de Barueri"]
[Date "2017.08.04"]
[Round "2"]
[White "Bruce, Shannon Hill"]
[Black "Assad, Otavio Orlando"]
[Result "1-0"]
[WhiteElo "2138"]
[BlackElo "1426"]
[PlyCount "57"]
[EventDate "2017.08.04"]
[EventType "swiss"]
[EventRounds "6"]
[EventCountry "BRA"]
[SourceTitle "CBM 180 Extra"]
[Source "ChessBase"]
[SourceDate "2017.10.06"]
[SourceVersion "1"]
[SourceVersionDate "2017.10.06"]
[SourceQuality "1"]

1. Nf3 d5 2. d4 e6 3. c3 f5 4. Bg5 Nf6 5. Ne5 Bd6 6. f4 0-0 7. e3 Qe8 8. Bd3 Ne4 9. h4 Nd7 10. Nd2 c5 11. Bb5 a6 12. Qa4 Bxe5 13. Nxe4 fxe4 14. fxe5 c4 15. 0-0-0 Rb8 16. Bxd7 Bxd7 17. Qb4 b5 18. Rhf1 Rf5 19. Qd6 a5 20. Rxf5 exf5 21. Qxd5+ Be6 22. Qd6 h6 23. Be7 Bf7 24. e6 Bh5 25. Rf1 Bg6 26. h5 Rb7 27. Bd8 Bxh5 28. Rxf5 Be2 29. e7 1-0

[Event "Sao Paulo CC Fox op"]
[Site "Sao Paulo"]
[Date "2016.10.08"]
[Round "4"]
[White "Silva, Kaua Marques"]
[Black "Assad, Otavio Orlando"]
[Result "1-0"]
[WhiteElo "1379"]
[BlackElo "1444"]
[PlyCount "103"]
[EventDate "2016.10.07"]
[EventType "swiss"]
[EventRounds "6"]
[EventCountry "BRA"]
[SourceTitle "EXT 2018"]
[Source "ChessBase"]
[SourceDate "2017.10.13"]
[SourceVersion "1"]
[SourceVersionDate "2017.10.13"]
[SourceQuality "1"]

1. e4 c5 2. Nf3 d6 3. Bb5+ Bd7 4. Bc4 Nc6 5. d3 Nf6 6. 0-0 a6 7. a4 g6 8. b3 Na5 9. Bb2 Nxc4 10. bxc4 Bg7 11. Nc3 e6 12. e5 dxe5 13. Nxe5 Bc8 14. Re1 0-0 15. Ne4 Nxe4 16. Rxe4 f6 17. Nf3 e5 18. h3 b6 19. Bc3 Bd7 20. a5 b5 21. cxb5 Bxb5 22. Re1 Rb8 23. Rb1 Qc7 24. Bd2 Bc6 25. Qe2 Rb7 26. Qe3 Bxf3 27. Qxf3 Rfb8 28. Rxb7 Rxb7 29. Qd5+ Kh8 30. Qe6 h5 31. Qxa6 Rb2 32. Qc4 Rb8 33. Ra1 Ra8 34. a6 Qb6 35. Be3 Bf8 36. Qe4 Rxa6 37. Rxa6 Qxa6 38. Qxg6 Qc6 39. Qxh5+ Kg8 40. Qg6+ Bg7 41. Bh6 Qd7 42. Qxg7+ Qxg7 43. Bxg7 Kxg7 44. Kf1 Kg6 45. Ke2 f5 46. g3 Kg5 47. h4+ Kg4 48. f3+ Kh5 49. Ke3 Kg6 50. f4 exf4+ 51. Kxf4 Kf6 52. h5 1-0

[Event "Sao Paulo CC Fox op"]
[Site "Sao Paulo"]
[Date "2016.10.07"]
[Round "2"]
[White "Assad, Otavio Orlando"]
[Black "Serafim Junior, Arnor"]
[Result "0-1"]
[WhiteElo "1444"]
[BlackElo "1828"]
[PlyCount "56"]
[EventDate "2016.10.07"]
[EventType "swiss"]
[EventRounds "6"]
[EventCountry "BRA"]
[SourceTitle "EXT 2018"]
[Source "ChessBase"]
[SourceDate "2017.10.13"]
[SourceVersion "1"]
[SourceVersionDate "2017.10.13"]
[SourceQuality "1"]

1. c4 e5 2. Nc3 Nf6 3. g3 Nc6 4. Bg2 Bc5 5. d3 0-0 6. Nf3 d6 7. 0-0 h6 8. a3 a5 9. Bd2 Bg4 10. Nb5 Qd7 11. Re1 e4 12. dxe4 Nxe4 13. e3 Bb6 14. Nc3 Nc5 15. Qc2 a4 16. Nd5 Nb3 17. Rab1 Nxd2 18. Nxb6 Nxf3+ 19. Bxf3 cxb6 20. Bg2 Rfc8 21. f3 Be6 22. Bf1 Ne5 23. Kf2 Bxc4 24. Bxc4 Rxc4 25. Qd2 Rac8 26. Re2 Qf5 27. Rd1 Rc2 28. Qe1 Qxf3+ 0-1

[Event "Sao Paulo Segal Memorial 1st"]
[Site "Sao Paulo"]
[Date "2016.05.20"]
[Round "2"]
[White "Assad, Otavio Orlando"]
[Black "Ferreira, Wagner Maria Gangin"]
[Result "1-0"]
[WhiteElo "1454"]
[BlackElo "1197"]
[PlyCount "57"]
[EventDate "2016.05.20"]
[EventType "swiss"]
[EventRounds "6"]
[EventCountry "BRA"]
[SourceTitle "CBM 172 Extra"]
[Source "ChessBase"]
[SourceDate "2016.06.21"]
[SourceVersion "1"]
[SourceVersionDate "2016.06.21"]
[SourceQuality "1"]

1. c4 d5 2. cxd5 Qxd5 3. Nc3 Qd8 4. g3 Nf6 5. Bg2 e5 6. d3 c6 7. Nf3 Bd6 8. 0-0 0-0 9. Qb3 Nbd7 10. a3 Nc5 11. Qc2 e4 12. dxe4 Re8 13. Bg5 Ne6 14. Bh4 Be7 15. Rfd1 Qb6 16. h3 Nh5 17. Bxe7 Rxe7 18. e3 Nc5 19. b4 Ne6 20. Rd2 Rd7 21. Rad1 Rxd2 22. Rxd2 a5 23. bxa5 Qxa5 24. a4 h6 25. e5 Qc7 26. g4 Ng5 27. gxh5 Nxf3+ 28. Bxf3 Qxe5 29. Rd8+ 1-0

[Event "Sao Paulo Segal Memorial 1st"]
[Site "Sao Paulo"]
[Date "2016.05.20"]
[Round "1"]
[White "Pinto, Rendrex Lopes"]
[Black "Assad, Otavio Orlando"]
[Result "1-0"]
[WhiteElo "2201"]
[BlackElo "1454"]
[PlyCount "49"]
[EventDate "2016.05.20"]
[EventType "swiss"]
[EventRounds "6"]
[EventCountry "BRA"]
[SourceTitle "CBM 172 Extra"]
[Source "ChessBase"]
[SourceDate "2016.06.21"]
[SourceVersion "1"]
[SourceVersionDate "2016.06.21"]
[SourceQuality "1"]

1. d4 d5 2. Nf3 e6 3. c4 f5 4. Nc3 Nf6 5. g3 c6 6. Bg2 Bd6 7. Bf4 Be7 8. 0-0 0-0 9. Ne5 b6 10. Rc1 Bb7 11. cxd5 exd5 12. Qc2 Ne4 13. Nxe4 fxe4 14. Bh3 Qe8 15. f3 exf3 16. exf3 c5 17. Rfe1 c4 18. Be6+ Kh8 19. Bf5 Nc6 20. Bxh7 Nxe5 21. Rxe5 Qd8 22. Rh5 Bc8 23. Be4+ Kg8 24. Bxd5+ Rf7 25. Qh7+ 1-0

[Event "Sao Paulo Camara Memorial 1st"]
[Site "Sao Paulo"]
[Date "2016.03.12"]
[Round "4"]
[White "Pereira, Daniele Costa"]
[Black "Assad, Otavio Orlando"]
[Result "1/2-1/2"]
[WhiteElo "1620"]
[BlackElo "1472"]
[PlyCount "83"]
[EventDate "2016.03.11"]
[EventType "swiss"]
[EventRounds "6"]
[EventCountry "BRA"]
[SourceTitle "CBM 171 Extra"]
[Source "ChessBase"]
[SourceDate "2016.04.26"]
[SourceVersion "1"]
[SourceVersionDate "2016.04.26"]
[SourceQuality "1"]

1. d4 f5 2. Nf3 Nf6 3. g3 e6 4. Bg2 d5 5. Nbd2 Bd6 6. 0-0 0-0 7. c4 c6 8. c5 Bc7 9. b4 Nbd7 10. Qb3 Ne4 11. Ne1 Qe8 12. Nd3 Qh5 13. Nf3 Kh8 14. Nf4 Qf7 15. b5 e5 16. Nd3 exd4 17. Nxd4 Ne5 18. bxc6 bxc6 19. Qc2 Bd7 20. Rb1 Rab8 21. Bf4 Qf6 22. h4 g5 23. hxg5 Nxg5 24. Bxg5 Qxg5 25. f4 Qxg3 26. Nxe5 Bxe5 27. fxe5 Qe3+ 28. Kh2 Qxd4 29. Rxb8 Qxe5+ 30. Kh1 Rxb8 31. Bf3 Qf4 32. Qc3+ d4 33. Qe1 Qh6+ 34. Kg1 Rg8+ 35. Bg2 f4 36. Qf2 Qf6 37. Qf3 Bg4 38. Qe4 Bh3 39. Rf2 Bxg2 40. Rxg2 Rxg2+ 41. Qxg2 Qg6 42. Kf2 1/2-1/2

[Event "Sao Paulo Camara Memorial 1st"]
[Site "Sao Paulo"]
[Date "2016.03.11"]
[Round "1"]
[White "Assad, Otavio Orlando"]
[Black "Ueti, Silvio Shigeo"]
[Result "0-1"]
[WhiteElo "1472"]
[BlackElo "2075"]
[PlyCount "56"]
[EventDate "2016.03.11"]
[EventType "swiss"]
[EventRounds "6"]
[EventCountry "BRA"]
[SourceTitle "CBM 171 Extra"]
[Source "ChessBase"]
[SourceDate "2016.04.26"]
[SourceVersion "1"]
[SourceVersionDate "2016.04.26"]
[SourceQuality "1"]

1. c4 Nf6 2. Nc3 e5 3. g3 d5 4. cxd5 Nxd5 5. Bg2 Nb6 6. d3 Be7 7. e3 0-0 8. Nge2 Nc6 9. a3 Bg4 10. 0-0 Qd7 11. Re1 Rad8 12. f3 Bf5 13. d4 exd4 14. Nxd4 Nxd4 15. exd4 Bf6 16. Qb3 Bxd4+ 17. Kh1 Be6 18. Qc2 c5 19. Rd1 Bh3 20. Ne4 Bxg2+ 21. Kxg2 Qf5 22. Rb1 Nd5 23. Re1 Rd6 24. Qc4 Rg6 25. b4 Qe6 26. Qd3 Nc3 27. Qc2 Nxb1 28. Qxb1 f5 0-1

[Event "Sao Paulo Cordioli Memorial"]
[Site "Sao Paulo"]
[Date "2015.09.06"]
[Round "3"]
[White "Assad, Otavio Orlando"]
[Black "Mendes, Rodrigo Machado"]
[Result "0-1"]
[WhiteElo "1467"]
[BlackElo "1904"]
[PlyCount "62"]
[EventDate "2015.09.05"]
[EventType "swiss"]
[EventRounds "6"]
[EventCountry "BRA"]
[SourceTitle "EXT 2016"]
[Source "ChessBase"]
[SourceDate "2015.10.08"]
[SourceVersion "1"]
[SourceVersionDate "2015.10.08"]
[SourceQuality "1"]

1. c4 c5 2. Nc3 g6 3. g3 Bg7 4. Bg2 Nf6 5. e3 d6 6. Nge2 h5 7. h4 Nc6 8. d3 Ng4 9. 0-0 e6 10. Rb1 g5 11. f3 Nh6 12. hxg5 Qxg5 13. Ne4 Qe7 14. a3 a5 15. N4c3 Nf5 16. Nb5 Kf8 17. Qe1 Ne5 18. Qd1 Bh6 19. f4 Ng4 20. Rf3 Bg7 21. e4 Nd4 22. Nexd4 cxd4 23. b3 Bd7 24. Bh3 Bxb5 25. cxb5 Rc8 26. Bxg4 hxg4 27. Rf2 Rc5 28. f5 exf5 29. exf5 Qe5 30. Bf4 Qd5 31. Qxg4 Rh1# 0-1

[Event "Sao Paulo Cordioli Memorial"]
[Site "Sao Paulo"]
[Date "2015.09.06"]
[Round "4"]
[White "Correa, Jhonatan Souza"]
[Black "Assad, Otavio Orlando"]
[Result "1/2-1/2"]
[WhiteElo "1783"]
[BlackElo "1467"]
[PlyCount "60"]
[EventDate "2015.09.05"]
[EventType "swiss"]
[EventRounds "6"]
[EventCountry "BRA"]
[SourceTitle "EXT 2016"]
[Source "ChessBase"]
[SourceDate "2015.10.08"]
[SourceVersion "1"]
[SourceVersionDate "2015.10.08"]
[SourceQuality "1"]

1. e4 e6 2. d3 d5 3. Nd2 dxe4 4. dxe4 e5 5. Ngf3 Nc6 6. Bc4 Na5 7. Nxe5 Nxc4 8. Nexc4 Be6 9. Qf3 Bc5 10. 0-0 Qe7 11. Ne3 0-0-0 12. Nb3 Bb6 13. a4 c6 14. a5 Bc7 15. Nf5 Bxf5 16. Qxf5+ Kb8 17. Bf4 Bxf4 18. Qxf4+ Ka8 19. Rad1 Nf6 20. f3 Nh5 21. Qe3 f5 22. Rd3 fxe4 23. Rfd1 Rxd3 24. Rxd3 Qf6 25. Rc3 exf3 26. Qxf3 Re8 27. h3 Nf4 28. Re3 Rxe3 29. Qxe3 Qf8 30. Qf2 g5 1/2-1/2

[Event "Curitiba Terzian Memorial op"]
[Site "Curitiba"]
[Date "2014.10.31"]
[Round "1"]
[White "Assad, Otavio Orlando"]
[Black "Brasilio, Felipe Benvenutti"]
[Result "0-1"]
[WhiteElo "1490"]
[BlackElo "1946"]
[PlyCount "94"]
[EventDate "2014.10.31"]
[EventType "swiss"]
[EventRounds "6"]
[EventCountry "BRA"]
[SourceTitle "EXT 2015"]
[Source "ChessBase"]
[SourceDate "2014.11.20"]
[SourceVersion "1"]
[SourceVersionDate "2014.11.20"]
[SourceQuality "1"]

1. d4 d5 2. c3 Nf6 3. e3 c6 4. f4 Bf5 5. Nf3 e6 6. Be2 Be7 7. 0-0 0-0 8. Ne5 Be4 9. Qe1 Nfd7 10. Nd2 f5 11. Qg3 Nf6 12. Qh3 Nbd7 13. Ndf3 Bxf3 14. Bxf3 Ne4 15. Be2 Rf6 16. g4 Nxe5 17. fxe5 fxg4 18. Bxg4 Ng5 19. Qg2 Rg6 20. Kh1 Ne4 21. Qe2 Rh6 22. Qf3 Qe8 23. Qg2 Bh4 24. Kg1 Qe7 25. Bd2 Nxd2 26. Qxd2 Rg6 27. Rf4 h5 28. h3 hxg4 29. hxg4 Bg5 30. Rf3 Bh6 31. Qg2 Qg5 32. Rg3 Rf8 33. e4 Rf4 34. exd5 cxd5 35. b3 Rxg4 36. Rxg4 Qxg4 37. Qxg4 Rxg4+ 38. Kf2 Re4 39. Rd1 b5 40. a4 a6 41. axb5 axb5 42. Ra1 Bd2 43. Ra8+ Kh7 44. Rc8 g5 45. Rc5 g4 46. Rxb5 Bxc3 47. Rb6 Bxd4+ 0-1

[Event "Mogi das Cruzes Catropa Memorial"]
[Site "Mogi das Cruzes"]
[Date "2014.09.07"]
[Round "6"]
[White "Bonfim, Regina Rodrigues"]
[Black "Assad, Otavio Orlando"]
[Result "1-0"]
[WhiteElo "2111"]
[BlackElo "1471"]
[PlyCount "80"]
[EventDate "2014.09.05"]
[EventType "swiss"]
[EventRounds "6"]
[EventCountry "BRA"]
[SourceTitle "CBM 162 Extra"]
[Source "ChessBase"]
[SourceDate "2014.10.17"]
[SourceVersion "1"]
[SourceVersionDate "2014.10.17"]
[SourceQuality "1"]

1. d4 f5 2. Nc3 Nf6 3. g3 e6 4. Bg2 d5 5. Bf4 c6 6. h4 Be7 7. h5 0-0 8. h6 g6 9. Bf3 Ne4 10. Bxe4 fxe4 11. Nh3 Nd7 12. Qd2 Nb6 13. Qc1 Bf6 14. e3 Nd7 15. Bd6 Rf7 16. Nf4 Qe8 17. Qd2 e5 18. dxe5 Nxe5 19. Bxe5 Bxe5 20. 0-0-0 Bg4 21. Rdf1 b5 22. Nce2 a5 23. Nd4 a4 24. f3 exf3 25. Rh4 Bd7 26. Nxf3 Bf6 27. Rhh1 a3 28. b3 Qe7 29. Nd3 Rff8 30. Nh4 c5 31. Ng2 Bh8 32. Rxf8+ Rxf8 33. Ndf4 Bb2+ 34. Kb1 Bc6 35. Nxd5 Bxd5 36. Qxd5+ Kh8 37. Rd1 Qf6 38. Nf4 g5 39. Ne6 Re8 40. Nxg5 Rf8 1-0

[Event "Mogi das Cruzes Catropa Memorial"]
[Site "Mogi das Cruzes"]
[Date "2014.09.06"]
[Round "3"]
[White "Assad, Otavio Orlando"]
[Black "Aoyama, Edmundo"]
[Result "0-1"]
[WhiteElo "1471"]
[BlackElo "1883"]
[PlyCount "90"]
[EventDate "2014.09.05"]
[EventType "swiss"]
[EventRounds "6"]
[EventCountry "BRA"]
[SourceTitle "CBM 162 Extra"]
[Source "ChessBase"]
[SourceDate "2014.10.17"]
[SourceVersion "1"]
[SourceVersionDate "2014.10.17"]
[SourceQuality "1"]

1. c4 Nf6 2. Nc3 b6 3. Nf3 Bb7 4. e3 e6 5. d4 d5 6. b3 Bb4 7. Bd2 Nbd7 8. a3 Be7 9. g3 c5 10. dxc5 dxc4 11. Bxc4 Nxc5 12. b4 Nd3+ 13. Bxd3 Qxd3 14. Qe2 Qf5 15. Nd4 Qg6 16. 0-0 0-0 17. f3 Rfd8 18. Rac1 a5 19. Qe1 axb4 20. axb4 Bxb4 21. Rb1 Bc5 22. Nb3 Ba6 23. Rf2 Bd3 24. Ra1 Bf8 25. Nd4 Rac8 26. Ncb5 e5 27. Bc3 exd4 28. Nxd4 Bc5 29. Nb3 Bf8 30. Ra7 Nd5 31. Bd4 Bc2 32. Nd2 Qd3 33. Ne4 h6 34. Rd2 Qb3 35. g4 Qb1 36. Qxb1 Bxb1 37. h4 Rc1+ 38. Kh2 Rc2 39. Rxc2 Bxc2 40. h5 b5 41. Ra2 Bxe4 42. fxe4 Nf6 43. Rg2 Nxe4 44. Bb6 Rd1 45. Rb2 Rd2+ 0-1

[Event "Mogi das Cruzes Catropa Memorial"]
[Site "Mogi das Cruzes"]
[Date "2014.09.06"]
[Round "4"]
[White "De Oliveira, Francemir Barra"]
[Black "Assad, Otavio Orlando"]
[Result "1-0"]
[WhiteElo "1736"]
[BlackElo "1471"]
[PlyCount "113"]
[EventDate "2014.09.05"]
[EventType "swiss"]
[EventRounds "6"]
[EventCountry "BRA"]
[SourceTitle "CBM 162 Extra"]
[Source "ChessBase"]
[SourceDate "2014.10.17"]
[SourceVersion "1"]
[SourceVersionDate "2014.10.17"]
[SourceQuality "1"]

1. e4 d5 2. e5 Bf5 3. d3 e6 4. Nf3 c5 5. Be2 Nc6 6. 0-0 Nge7 7. Bg5 Qc7 8. Nc3 Nxe5 9. Nxe5 Qxe5 10. f4 Qb8 11. g4 Bg6 12. Bxe7 Bxe7 13. f5 exf5 14. gxf5 Bd6 15. h3 Bh2+ 16. Kh1 Qe5 17. Bg4 Bg3 18. fxg6 hxg6 19. Qd2 Kf8 20. Qg2 f5 21. Ne2 Bh4 22. Bxf5 gxf5 23. Rxf5+ Qxf5 24. Rf1 Qxf1+ 25. Qxf1+ Bf6 26. Qf5 Re8 27. Nf4 Rh6 28. Qxd5 b6 29. c3 Re1+ 30. Kg2 Re5 31. Qa8+ Re8 32. Qxa7 Bg5 33. Qc7 Bxf4 34. Qxf4+ Kg8 35. b4 Rg6+ 36. Kh1 Re1+ 37. Kh2 Re2+ 38. Kh1 Rgg2 39. Qf3 Rgf2 40. Qd5+ Rf7 41. Kg1 Ref2 42. Qd8+ Rf8 43. Qh4 Re2 44. bxc5 bxc5 45. Qc4+ Kh8 46. Qxc5 Rf6 47. Qh5+ Rh6 48. Qxe2 Rxh3 49. Kg2 Rh6 50. Qe8+ Kh7 51. a4 Rb6 52. a5 Rb2+ 53. Kf3 Rb1 54. Qe4+ Kh6 55. a6 Rf1+ 56. Ke2 Rf7 57. a7 1-0

[Event "Sao Paulo op-B U2050"]
[Site "Sao Paulo"]
[Date "2014.04.06"]
[Round "6"]
[White "Assad, Otavio Orlando"]
[Black "Caporale, Giuseppe Guido"]
[Result "0-1"]
[WhiteElo "1490"]
[BlackElo "1750"]
[PlyCount "70"]
[EventDate "2014.04.03"]
[EventType "swiss"]
[EventRounds "6"]
[EventCountry "BRA"]
[SourceTitle "CBM 159 Extra"]
[Source "ChessBase"]
[SourceDate "2014.04.24"]
[SourceVersion "1"]
[SourceVersionDate "2014.04.24"]
[SourceQuality "1"]

1. d4 f5 2. c4 Nf6 3. Nc3 e6 4. g3 c6 5. Bg2 Be7 6. Nf3 0-0 7. 0-0 d6 8. Re1 Nbd7 9. b3 Re8 10. e4 fxe4 11. Nxe4 Nxe4 12. Rxe4 Nf6 13. Re1 Bd7 14. a4 Qc7 15. Qc2 Rad8 16. Ba3 b6 17. Re2 c5 18. dxc5 bxc5 19. Rae1 e5 20. Nh4 Qc8 21. Bc1 Bg4 22. Re3 Bf8 23. f3 Bd7 24. R3e2 Re7 25. Bg5 Rf7 26. Bxf6 Rxf6 27. Qd2 h6 28. f4 exf4 29. Bd5+ Kh8 30. gxf4 Re8 31. Qd3 Rxe2 32. Rxe2 Be8 33. f5 g5 34. fxg6 Qg4+ 35. Kh1 Rf1# 0-1

[Event "Sao Paulo op-B U2050"]
[Site "Sao Paulo"]
[Date "2014.04.06"]
[Round "5"]
[White "Assad, Otavio Orlando"]
[Black "Ribeiro, Cesar Augusto Basag"]
[Result "1-0"]
[WhiteElo "1490"]
[BlackElo "1723"]
[PlyCount "61"]
[EventDate "2014.04.03"]
[EventType "swiss"]
[EventRounds "6"]
[EventCountry "BRA"]
[SourceTitle "CBM 159 Extra"]
[Source "ChessBase"]
[SourceDate "2014.04.24"]
[SourceVersion "1"]
[SourceVersionDate "2014.04.24"]
[SourceQuality "1"]

1. c4 d6 2. Nc3 f6 3. g3 Be6 4. d3 Nc6 5. Bg2 Qd7 6. e3 0-0-0 7. Nge2 Nh6 8. 0-0 Nf5 9. a3 g6 10. b4 Bh6 11. Bd2 Bg5 12. Rb1 Ne5 13. Qc2 Qe8 14. f4 Ng4 15. fxg5 fxg5 16. e4 Ng7 17. Bxg5 Nh5 18. a4 h6 19. Bd2 Qg8 20. b5 b6 21. Qa2 Qe8 22. a5 Nhf6 23. axb6 cxb6 24. e5 dxe5 25. Qa6+ Kd7 26. Bc6+ Kd6 27. Bxe8 Rdxe8 28. h3 Ne3 29. Bxe3 Bxh3 30. Qb7 Bxf1 31. Qc6# 1-0

[Event "Sao Paulo op-B U2050"]
[Site "Sao Paulo"]
[Date "2014.04.03"]
[Round "1"]
[White "Assad, Otavio Orlando"]
[Black "Bastos, Guilherme Exterhott"]
[Result "0-1"]
[WhiteElo "1490"]
[BlackElo "1972"]
[PlyCount "59"]
[EventDate "2014.04.03"]
[EventType "swiss"]
[EventRounds "6"]
[EventCountry "BRA"]
[SourceTitle "CBM 159 Extra"]
[Source "ChessBase"]
[SourceDate "2014.04.24"]
[SourceVersion "1"]
[SourceVersionDate "2014.04.24"]
[SourceQuality "1"]

1. c4 c6 2. Nc3 d5 3. cxd5 cxd5 4. d4 Nc6 5. Nf3 Nf6 6. g3 e6 7. Bg2 Bd6 8. 0-0 b6 9. Bg5 Bb7 10. Re1 Be7 11. e3 0-0 12. a3 Rc8 13. Rc1 Na5 14. Ne5 h6 15. Bxf6 Bxf6 16. Nf3 Nc4 17. Qc2 b5 18. Qb1 Qd7 19. e4 dxe4 20. Nxe4 Be7 21. Rcd1 Qc7 22. Nc5 Bxc5 23. dxc5 Qxc5 24. Rd7 Bc6 25. Rd3 Rfe8 26. b4 Qb6 27. Ne5 Bxg2 28. Kxg2 Red8 29. Rf3 Nd2 30. Qa1 0-1